|
|
|
|
| LEADER |
00862nam a22002532i 4500 |
| 001 |
001572571 |
| 003 |
CZ BrMZK |
| 005 |
20170518143253.0 |
| 007 |
ta |
| 008 |
170420s1974 gw a er|||||||||||ger d |
| 040 |
|
|
|a ABA001
|b cze
|d ABA001
|d BOA001
|e rda
|
| 100 |
1 |
|
|a Brunner, Brigitte
|4 dis
|
| 245 |
1 |
0 |
|a Nachweis und Bedeutung von HL-A Antikörpern bei Schwangeren /
|c von Brigitte Brunner
|
| 264 |
|
1 |
|a Tübingen :
|b Brigitte Brunner,
|c 1974
|
| 300 |
|
|
|a 64 stran :
|b ilustrace
|
| 336 |
|
|
|a text
|b txt
|2 rdacontent
|
| 337 |
|
|
|a bez média
|b n
|2 rdamedia
|
| 338 |
|
|
|a svazek
|b nc
|2 rdacarrier
|
| 502 |
|
|
|a Disertace--Universität Tübingen, 1974
|
| 710 |
2 |
|
|a Universität Tübingen
|7 ko2002152390
|4 isb
|
| 910 |
|
|
|a BOA001
|b X-0746.464
|
| 990 |
|
|
|a BK
|
| 991 |
|
|
|b 201704
|
| 996 |
7 |
|
|b 2619193174
|c X-0746.464
|l MZK
|r Sklad / do 24 hodin
|n 0
|w 001607930
|u 000010
|a 1
|e BOA001
|j MZK50
|s A
|